ARRUPE JESUIT UNIVERSITY

CORONAVIRUS -STOP THE SPREAD - CLEAN,DISINFECT,COVER

Lyric contingencies : (Record no. 126781)

MARC details
000 -LEADER
fixed length control field 01170cam a2200289 a 4500
001 - CONTROL NUMBER
control field 1054946
003 - CONTROL NUMBER IDENTIFIER
control field ARRUPE
005 - DATE AND TIME OF LATEST TRANSACTION
control field 20170825092615.0
008 - FIXED-LENGTH DATA ELEMENTS--GENERAL INFORMATION
fixed length control field 900907s1991 pau b 001 0 eng
010 ## - LIBRARY OF CONGRESS CONTROL NUMBER
LC control number 90048495
020 ## - INTERNATIONAL STANDARD BOOK NUMBER
International Standard Book Number 0812230779
040 ## - CATALOGING SOURCE
Original cataloging agency DLC
Transcribing agency DLC
Modifying agency DLC
043 ## - GEOGRAPHIC AREA CODE
Geographic area code n-us---
050 00 - LIBRARY OF CONGRESS CALL NUMBER
Classification number PS303
Item number .D53 1991
082 00 - DEWEY DECIMAL CLASSIFICATION NUMBER
Classification number 811/.4
Edition number 20
300 ## - PHYSICAL DESCRIPTION
Dimensions 24 cm.
100 1# - MAIN ENTRY--PERSONAL NAME
Personal name Dickie, Margaret,
Dates associated with a name 1935-
9 (RLIN) 35247
245 10 - TITLE STATEMENT
Title Lyric contingencies :
Remainder of title Emily Dickinson and Wallace Stevens /
Statement of responsibility, etc Margaret Dickie.
260 ## - PUBLICATION, DISTRIBUTION, ETC. (IMPRINT)
Place of publication, distribution, etc Philadelphia :
Name of publisher, distributor, etc University of Pennsylvania Press,
Date of publication, distribution, etc c1991.
300 ## - PHYSICAL DESCRIPTION
Extent 196 p. ;
504 ## - BIBLIOGRAPHY, ETC. NOTE
Bibliography, etc Includes bibliographical references (p. [173]-190) and indexes.
600 10 - SUBJECT ADDED ENTRY--PERSONAL NAME
Personal name Dickinson, Emily,
Dates associated with a name 1830-1886
General subdivision Criticism and interpretation.
9 (RLIN) 35248
600 10 - SUBJECT ADDED ENTRY--PERSONAL NAME
Personal name Stevens, Wallace,
Dates associated with a name 1879-1955
General subdivision Criticism and interpretation.
9 (RLIN) 35249
650 #0 - SUBJECT ADDED ENTRY--TOPICAL TERM
Topical term or geographic name as entry element American poetry
General subdivision History and criticism.
9 (RLIN) 15950
906 ## - LOCAL DATA ELEMENT F, LDF (RLIN)
a 7
b cbc
c orignew
d 1
e ocip
f 19
g y-gencatlg
942 ## - ADDED ENTRY ELEMENTS (KOHA)
Source of classification or shelving scheme Library of Congress Classification
Koha item type Monograph ( Printed materials)
Holdings
Withdrawn status Lost status Source of classification or shelving scheme Damaged status Not for loan Collection code Home library Current library Shelving location Date acquired Total Checkouts Full call number Barcode Date last seen Price effective from Koha item type
    Library of Congress Classification     Main Collection ARRUPE LIBRARY ARRUPE LIBRARY Main Collection 25/08/2017   PS303 .D53 1991 46500023473 25/08/2017 25/08/2017 Monograph ( Printed materials)

 

Arrupe Library. PO Box MP320 Mt Pleasant, Harare, Zimbabwe
263 242 745411|librarian@aju.ac.zw